Statistics for Counting Stars - OneRepublic - All Lyrics

Click here to take the quiz!

General Stats

  • This quiz has been taken 199 times
  • The average score is 446 of 517

Answer Stats

Answer% Correct
be,
99%
be
99%
countin'
99%
I
99%
a
98%
I've
98%
stars"
98%
stars
98%
we
98%
been,
97%
been
97%
that
97%
the
97%
thing
96%
sleep
95%
Dreamin'
94%
Dreamin’
94%
Lately,
94%
losin'
94%
"No
94%
we'll
94%
could
93%
things
93%
about
92%
ye
91%
but
89%
But
89%
it
89%
Yeah,
88%
baby,
87%
feel
87%
hard
87%
on
87%
what
87%
And
86%
and
86%
I'm
86%
me
86%
more
86%
dollars,
85%
every
85%
so
85%
burn
84%
in
84%
not
84%
Old,
84%
old
84%
doin'
83%
Make
83%
doing
82%
Young,
82%
is
81%
prayin'
81%
alive
80%
Everything
80%
makes
80%
right
80%
watch
80%
wrong
80%
kills
79%
think
79%
see
78%
don't
77%
money,
77%
Take
76%
bold
75%
something
75%
world
75%
my
73%
lie,
72%
lie
72%
like
72%
this
72%
couldn't
71%
told
70%
we're
70%
learned
69%
just
68%
river,
68%
Said,
68%
heart
67%
lessons
67%
life,
66%
line
66%
Swing
66%
across
65%
wanna
63%
Down
62%
turn
60%
downs
59%
find
59%
fly
58%
sold
58%
Hope
54%
out
54%
Sink
54%
shall
53%
swinging
53%
your
53%
face
52%
vine
51%
flashing
50%
love
50%
Seek
49%
word
46%
four-letter
44%
our
41%
signs
41%

Score Distribution

Percentile by Number Answered

Percent of People with Each Score

Your Score History

You have not taken this quiz